| 000 | 01987cam a2200433 a 4500 | ||
|---|---|---|---|
| 999 |
_c1138 _d1138 |
||
| 001 | 98136787 | ||
| 003 | ALUPE UNIVERSITY | ||
| 005 | 20210624071358.0 | ||
| 008 | 980408s2001 nyua 000 0ceng | ||
| 010 | _a 98136787 | ||
| 020 | _a0684852799 | ||
| 020 | _a9780743216302 | ||
| 020 | _a074321630X (pbk) | ||
| 020 | _a9780684852799 | ||
| 035 | _a(Sirsi) 9160061 | ||
| 035 | _a9160061 | ||
| 040 |
_aDLC _beng _cALUPE UNIVERSITY _dALUPE UNIVERSITY |
||
| 050 | 0 | 0 |
_aQH450.2 _b.W37 1998 |
| 082 | 0 |
_a572.8/6 _221 |
|
| 090 | _a572.86 WAT | ||
| 100 | 1 |
_aWatson, James D., _d1928- |
|
| 245 | 1 | 4 |
_aThe double helix : _ba personal account of the discovery of the structure of DNA / _cJames D. Watson. |
| 250 | _aFirst Touchstone edition | ||
| 260 |
_aNew York : _bSimon & Schuster, _c2001. |
||
| 300 |
_axvi, 226 pages : _billustrations ; _c23 cm. |
||
| 336 |
_atext _btxt _2rdacontent |
||
| 337 |
_aunmediated _bn _2rdamedia |
||
| 338 |
_avolume _bnc _2rdacarrier |
||
| 500 | _a"Portions of this book were first published in The Atlantic Monthly." | ||
| 500 | _a"A Touchstone Book." | ||
| 600 | 1 | 0 |
_aWatson, James D., _d1928- |
| 650 | 0 |
_aMolecular biologists _zUnited States _vBiography. |
|
| 650 | 0 |
_aDNA _xResearch _xHistory. |
|
| 650 | 0 |
_aGenetic code _xResearch _xHistory. |
|
| 650 | 0 |
_aMolecular biology _xResearch _xHistory. |
|
| 906 |
_aAB:2:0 _aACD:1:5 _aAG:5:13 _aAH:1:0 _aAL:0:1 _aAN:2:3 _aBB:0:3 _aBD:0:2 _aBE:0:2 _aBF:1:1 _aBL:0:1 _aBR:0:1 _aBRW:2:17 _aBUR:0:1 _aBY:0:4 _aCC:1:0 _aCE:3:6 _aCED:1:5 _aCH:0:1 _aCL:2:10 _aCS:1:0 _aDM:0:13 _aDO:1:1 _aDT:2:1 _aEA:0:3 _aEG:0:4 _aES:1:1 _aFH:0:2 _aFV:3:16 _aGE:0:1 _aGHP:1:2 _aGW:0:1 _aHC:0:1 _aHIL:0:3 _aHP:1:3 _aHW:0:1 _aJO:1:0 _aJS:0:1 _aKE:0:1 _aLS:3:10 _aMA:0:1 _aMAL:0:1 _aMCG:0:1 _aMI:1:0 _aMRV:3:6 _aMS:2:1 _aND:2:5 _aNE:1:0 _aPK:1:3 _aPL:3:3 _aPM:0:1 _aPR:2:17 _aPU:0:3 _aRI:4:10 _aRN:0:4 _aRS:35:64 _aSL:0:1 _aSP:1:4 _aST:0:2 _aSWS:0:1 _aTA:0:1 _aTH:0:2 _aTRL:1:1 _aWE:2:0 _aWS:1:1 _aYO:0:2 _aYW:1:4 _aSJ:0:1 |
||
| 942 |
_2lcc _cBK _nDO |
||
| 948 |
_a11/04/2001 _b03/01/2007 |
||